Eurovision Host Cities - Statistics

General Stats
  • This quiz has been taken 6,225 times
    1,882 since last reset
  • The average score is 36 of 46
Answer Stats
Contests Country Contests Answer % Correct
9 United Kingdom 4 London
99%
7 Ireland 6 Dublin
97%
3 France 1 Paris
96%
3 Italy 1 Rome
96%
5 Netherlands 1 Amsterdam
95%
3 Norway 2 Oslo
95%
7 Sweden 3 Stockholm
94%
3 Austria 3 Vienna
94%
2 Ukraine 2 Kyiv
93%
1 Spain 1 Madrid
93%
1 Greece 1 Athens
92%
1 Finland 1 Helsinki
92%
1 Portugal 1 Lisbon
92%
9 United Kingdom 1 Liverpool
92%
7 Sweden 3 Malmö
92%
1 Russia 1 Moscow
92%
3 Israel 1 Tel Aviv
91%
3 Denmark 3 Copenhagen
90%
4 Luxembourg 4 Luxembourg City
90%
5 Netherlands 1 Rotterdam
90%
1 Estonia 1 Tallinn
89%
1 Latvia 1 Riga
88%
1 Turkey 1 Istanbul
87%
3 Israel 2 Jerusalem
87%
1 Azerbaijan 1 Baku
86%
1 Belgium 1 Brussels
86%
3 Italy 1 Turin
85%
1 Serbia 1 Belgrade
83%
3 Germany 1 Munich
83%
3 Switzerland 1 Basel
79%
3 Italy 1 Naples
74%
1 Yugoslavia 1 Zagreb
73%
9 United Kingdom 1 Birmingham
71%
5 Netherlands 2 The Hague
71%
3 Germany 1 Frankfurt am Main
69%
7 Sweden 1 Gothenburg
67%
9 United Kingdom 1 Edinburgh
66%
3 Germany 1 Düsseldorf
64%
3 Norway 1 Bergen
63%
3 Switzerland 1 Lausanne
50%
9 United Kingdom 1 Brighton
44%
3 France 2 Cannes
40%
3 Switzerland 1 Lugano
38%
7 Ireland 1 Millstreet
29%
9 United Kingdom 1 Harrogate
24%
5 Netherlands 1 Hilversum
22%
No matching quizzes found
Score Distribution
Percent of People with Each Score
Percentile by Number Answered
Your Score History
You have not taken this quiz since the last reset